MARC details
| 000 -LEADER |
| campo de control de longitud fija |
01970nac a22003137a 4500 |
| 003 - IDENTIFICADOR DE NÚMERO DE CONTROL |
| campo de control |
Co-PeBPM |
| 005 - FECHA Y HORA DE LA ÚLTIMA TRANSACCIÓN |
| campo de control |
20240622235549.0 |
| 007 - CAMPO FIJO DE DESCRIPCIÓN FÍSICA--INFORMACIÓN GENERAL |
| campo de control de longitud fija |
ta |
| 008 - DATOS DE LONGITUD FIJA--INFORMACIÓN GENERAL |
| campo de control de longitud fija |
240622s2017 ck |||| |||| 00| 0 spa d |
| 020 ## - NÚMERO INTERNACIONAL ESTÁNDAR DEL LIBRO |
| Número Internacional Estándar del Libro |
9789588951249 |
| 020 ## - NÚMERO INTERNACIONAL ESTÁNDAR DEL LIBRO |
| Número Internacional Estándar del Libro |
9788415579786 |
| 040 ## - FUENTE DE CATALOGACIÓN |
| Centro catalogador/agencia de origen |
Co-PeBPM |
| Lengua de catalogación |
spa |
| Centro/agencia transcriptor |
o-PeBPM |
| Normas de descripción |
rda |
| 082 04 - NÚMERO DE LA CLASIFICACIÓN DECIMAL DEWEY |
| Número de clasificación |
833 G454s |
| Número de edición |
22 |
| 100 1# - ENTRADA PRINCIPAL--NOMBRE DE PERSONA |
| Nombre de persona |
Gier, Kerstin |
| Término indicativo de función/relación |
autor |
| 245 10 - MENCIÓN DEL TÍTULO |
| Título |
Silber |
| Resto del título |
: el primer libro de los sueños |
| Mención de responsabilidad, etc. |
/ Kerstin Gier; traducción de Nuria Villagrasa Valdivieso |
| 246 ## - FORMA VARIANTE DEL TITULO |
| Título propio/Titulo breve |
Dream a little dream |
| 250 ## - MENCION DE EDICION |
| Mención de edición |
cuarta reimpresión |
| 260 ## - PUBLICACIÓN, DISTRIBUCIÓN, ETC. |
| Lugar de publicación, distribución, etc. |
Barcelona |
| Nombre del editor, distribuidor, etc. |
: B de blok, |
| Fecha de publicación, distribución, etc. |
2014 |
| 300 ## - DESCRIPCIÓN FÍSICA |
| Extensión |
349 páginas |
| Dimensiones |
21 centímetros |
| 490 ## - MENCIÓN DE SERIE |
| Mención de serie |
Silber |
| Designación de volumen o secuencia |
1 |
| 500 ## - NOTA GENERAL |
| Nota general |
Incluye Apéndice al final del texto |
| 500 ## - NOTA GENERAL |
| Nota general |
Contiene datos biográficos del autor en la solapa del texto |
| 520 ## - RESUMEN, ETC. |
| Sumario, etc. |
Misteriosas puertas de tiradores en forma de lagartija, figuras de piedra parlantes y una niñera enloquecida con un hacha en la mano... Últimamente, los sueños de Liv Silber son bastante inquietantes. Sobre todo uno de ellos le preocupa muchísimo. En ese sueño se encuentra en un cementerio, de noche, observando a cuatro chicos que llevan a cabo un sombrío ritual. Los chicos guardan una relación muy real con la vida de Liv, puesto que Grayson y sus tres mejores amigos existen de verdad. Hace poco que Liv asiste al mismo instituto que los cuatro, quienes en realidad parecen bastante simpáticos. Sin embargo, lo que resulta realmente inquietante -mucho más inquietante que el cementerio por la noche- es que los chicos saben cosas sobre ella que durante el día jamás manifiestan... hasta que llega la noche y, con ella, el sueño. Liv ignora cómo lo saben, es un misterio absoluto, y ¿quién se resiste a investigar un buen misterio? |
| 650 14 - PUNTO DE ACCESO ADICIONAL DE MATERIA--TÉRMINO DE MATERIA |
| Término de materia o nombre geográfico como elemento de entrada |
Novelas juveniles alemanas |
| Fuente del encabezamiento o término |
Lemb |
| 650 14 - PUNTO DE ACCESO ADICIONAL DE MATERIA--TÉRMINO DE MATERIA |
| Término de materia o nombre geográfico como elemento de entrada |
Literatura juvenil alemana |
| Fuente del encabezamiento o término |
Lemb |
| 650 14 - PUNTO DE ACCESO ADICIONAL DE MATERIA--TÉRMINO DE MATERIA |
| Término de materia o nombre geográfico como elemento de entrada |
Superstición |
| Fuente del encabezamiento o término |
Lemb |
| 700 ## - ENTRADA AGREGADA--NOMBRE PERSONAL |
| Nombre de persona |
Villagrasa Valdivieso, Nuria |
| Término indicativo de función/relación |
traducción |
| 942 ## - ELEMENTOS DE ENTRADA SECUNDARIOS (KOHA) |
| Fuente del sistema de clasificación o colocación |
Clasificación Decimal Dewey |
| Tipo de ítem Koha |
Libros |
| Suprimir en OPAC |
No |